| 000 | 00500nam a2200193Ia 4500 | ||
|---|---|---|---|
| 008 | 230125s9999 xx 000 0 und d | ||
| 020 | _a0-07-048324-8 | ||
| 041 | _aeng | ||
| 082 |
_a658.3124 _bPAR |
||
| 100 |
_aPareek U _9108953 |
||
| 245 | _aTraining Instruments in HRD and OD | ||
| 250 | _a3rd ed | ||
| 260 |
_c2010 _bTata McGraw Hill _aNew Delhi |
||
| 300 | _a843p | ||
| 500 | _aTraining | ||
| 650 | _aHuman Resource Development | ||
| 700 |
_aPareek U _9108953 |
||
| 999 |
_c90957 _d90957 |
||